[ Anexos: estadísticas sobre Centroamérica y el producto interno bruto, Honduras y las remesas]

সংরক্ষণ করুন:
গ্রন্থ-পঞ্জীর বিবরন
বিন্যাস: পাঠ‍্য
বিষয়গুলি:
ট্যাগগুলো: ট্যাগ যুক্ত করুন
কোনো ট্যাগ নেই, প্রথমজন হিসাবে ট্যাগ করুন!

MARC

LEADER 00000 a a2200000 04500
001 14279
003
040
245 |a [ Anexos:   |b estadísticas sobre Centroamérica y el producto interno bruto, Honduras y las remesas]  
650 |a PRODUCTO INTERNO BRUTO  
650 |a REMESAS  
650 |a INFLACION  
650 |a AMERICA CENTRAL  
773 |g volumen 12, número 69 -70; páginas 155-162  
999 |c 39067  |d 39067